| 000 | 01147pam a2200349 a 4500 | ||
|---|---|---|---|
| 001 | 1825 | ||
| 003 | FISKH | ||
| 005 | 20250827085725.0 | ||
| 008 | 960325s1996 nyua b 001 0 eng | ||
| 010 | _a 96013226 | ||
| 020 | _a0516200275 | ||
| 040 |
_aDLC _cDLC _dDLC _beng |
||
| 042 | _alcac | ||
| 050 | 0 | 0 |
_aQL666.C925 _bF68 1996 |
| 082 | 0 | 0 |
_a597.98 _220 |
| 100 | 1 | _aFowler, Allan. | |
| 245 | 1 | 0 |
_aGator or croc? / _cby Allan Fowler. |
| 260 |
_aNew York : _bChildren's Press, _c1996. |
||
| 300 |
_a31 pages : _bcolor illustrations ; _c19 cm |
||
| 440 | 0 | _aRookie read-about science | |
| 505 | _aO | ||
| 520 | _aSimple text and illustrations describe the differences between alligators and crocodiles. | ||
| 521 | 8 |
_a630
_bLexile NC |
|
| 521 | 8 |
_aO
_bRaz-Plus |
|
| 650 | 0 |
_aAlligators _xJuvenile literature. |
|
| 650 | 0 |
_aCrocodiles _xJuvenile literature. |
|
| 650 | 1 | _aAlligators. | |
| 650 | 1 | _aCrocodiles. | |
| 906 |
_a7 _bcbc _corignew _d1 _eocip _f19 _gy-gencatlg |
||
| 942 |
_2ddc _cBK _n0 |
||
| 999 |
_c1825 _d1825 |
||